|
|
|
|
| LEADER |
00660nam a2200205Ia 4500 |
| 001 |
CTU_128029 |
| 008 |
210402s9999 xx 000 0 und d |
| 020 |
|
|
|c 274000
|
| 082 |
|
|
|a 808.042
|
| 082 |
|
|
|b L584
|
| 100 |
|
|
|a Leonhard, Barbara Harris
|
| 245 |
|
0 |
|a Discoveries in academic writing
|
| 245 |
|
0 |
|c Barbara Harris Leonhard
|
| 260 |
|
|
|a Boston, MA
|
| 260 |
|
|
|b Thomson Learning
|
| 260 |
|
|
|c 2002
|
| 650 |
|
|
|a English language,Academic writing,English language
|
| 650 |
|
|
|x Textbooks for foreign speakers.,Problems, exercises, etc.,Rhetoric,Problems, exercises, etc.
|
| 904 |
|
|
|i Minh
|
| 980 |
|
|
|a Trung tâm Học liệu Trường Đại học Cần Thơ
|